<?xml version="1.0" encoding="UTF-8"?><?xml-stylesheet type="text/xsl" href="static/style.xsl"?><OAI-PMH xmlns="http://www.openarchives.org/OAI/2.0/" xmlns:xsi="http://www.w3.org/2001/XMLSchema-instance" xsi:schemaLocation="http://www.openarchives.org/OAI/2.0/ http://www.openarchives.org/OAI/2.0/OAI-PMH.xsd"><responseDate>2026-06-01T02:20:12Z</responseDate><request verb="GetRecord" identifier="oai:riuma.uma.es:10630/38618" metadataPrefix="marc">https://riuma.uma.es/rest/oai/request</request><GetRecord><record><header><identifier>oai:riuma.uma.es:10630/38618</identifier><datestamp>2026-02-03T11:02:45Z</datestamp><setSpec>com_10630_2254</setSpec><setSpec>col_10630_37953</setSpec></header><metadata><record xmlns="http://www.loc.gov/MARC21/slim" xmlns:dcterms="http://purl.org/dc/terms/" xmlns:doc="http://www.lyncode.com/xoai" xmlns:xsi="http://www.w3.org/2001/XMLSchema-instance" xsi:schemaLocation="http://www.loc.gov/MARC21/slim http://www.loc.gov/standards/marcxml/schema/MARC21slim.xsd">
   <leader>00925njm 22002777a 4500</leader>
   <datafield ind2=" " ind1=" " tag="042">
      <subfield code="a">dc</subfield>
   </datafield>
   <datafield ind2=" " ind1=" " tag="720">
      <subfield code="a">Tienda, Sandra</subfield>
      <subfield code="e">author</subfield>
   </datafield>
   <datafield ind2=" " ind1=" " tag="720">
      <subfield code="a">Kolodeznaia, Mariia</subfield>
      <subfield code="e">author</subfield>
   </datafield>
   <datafield ind2=" " ind1=" " tag="720">
      <subfield code="a">Carrion, Víctor J</subfield>
      <subfield code="e">author</subfield>
   </datafield>
   <datafield ind2=" " ind1=" " tag="720">
      <subfield code="a">Gayán-Quijano, Ana</subfield>
      <subfield code="e">author</subfield>
   </datafield>
   <datafield ind2=" " ind1=" " tag="720">
      <subfield code="a">Delgado-Martín, Belén</subfield>
      <subfield code="e">author</subfield>
   </datafield>
   <datafield ind2=" " ind1=" " tag="720">
      <subfield code="a">Oyserman, Ben O.</subfield>
      <subfield code="e">author</subfield>
   </datafield>
   <datafield ind2=" " ind1=" " tag="720">
      <subfield code="a">Peris-Felipo, Francisco Javier</subfield>
      <subfield code="e">author</subfield>
   </datafield>
   <datafield ind2=" " ind1=" " tag="720">
      <subfield code="a">Gutiérrez Barranquero, José Antonio</subfield>
      <subfield code="e">author</subfield>
   </datafield>
   <datafield ind2=" " ind1=" " tag="720">
      <subfield code="a">Cazorla-López, Francisco Manuel</subfield>
      <subfield code="e">author</subfield>
   </datafield>
   <datafield ind2=" " ind1=" " tag="260">
      <subfield code="c">2025-05-08</subfield>
   </datafield>
   <datafield ind2=" " ind1=" " tag="520">
      <subfield code="a">Interrow cover crop implementation is considered a promising and sustainable agronomic practice for enhancing crop performance and soil health in agroecosystems, mediated by improvement of the soil microbiome. This study assessed how interrow cover crop implementation affected the microbial community in the soil, and may enhance its suppressiveness against Verticillium dahliae in a commercial olive orchard. The experiments were performed in a commercial olive orchard divided into two different management zones: conventional (trees without interrow cover crops treatment) and the LivinGro® protocol (trees with interrow cover crops treatment). Soil samples were collected focusing in 2 sampling times (September 2021 and January 2022). Soil DNA was extracted, and 16S rRNA genes and ITS regions sequences analyzed to profile soil microbial communities. Cover crop implementation does not increase microbial richness and alpha diversity values. However, we observed that the use of cover crops influences the composition of both fungal and bacterial soil microbial communities. Thus, cover crop implementation in the soil significantly increased the relative abundance of some putative beneficial bacterial groups, such as Bacillaceae, Blastocatellaceae and Koribacteraceae. In addition, compared with conventional soil, the soil treated with cover crops displayed increased suppressiveness against the olive soil-borne pathogen Verticillium dahliae.</subfield>
   </datafield>
   <datafield ind1="8" ind2=" " tag="024">
      <subfield code="a">Sandra Tienda, Mariia Kolodeznaia, Víctor J. Carrión, Ana Lia Gayan-Quijano, Belén Delgado-Martín, Ben O. Oyserman, Francisco Javier Peris-Felipo, Jose Antonio Gutiérrez-Barranquero, Francisco M. Cazorla, Preliminary evidence suggests that interrow cover crops may enrich potentially beneficial bacterial groups that confer soil suppressive capacity against the olive pathogen Verticillium dahliae, Rhizosphere, Volume 34, 2025, 101092, ISSN 2452-2198, https://doi.org/10.1016/j.rhisph.2025.101092.</subfield>
   </datafield>
   <datafield ind1="8" ind2=" " tag="024">
      <subfield code="a">https://hdl.handle.net/10630/38618</subfield>
   </datafield>
   <datafield ind1="8" ind2=" " tag="024">
      <subfield code="a">10.1016/j.rhisph.2025.101092</subfield>
   </datafield>
   <datafield tag="653" ind2=" " ind1=" ">
      <subfield code="a">Agricultura sostenible</subfield>
   </datafield>
   <datafield tag="653" ind2=" " ind1=" ">
      <subfield code="a">Cultivos</subfield>
   </datafield>
   <datafield tag="653" ind2=" " ind1=" ">
      <subfield code="a">Microbiología</subfield>
   </datafield>
   <datafield tag="653" ind2=" " ind1=" ">
      <subfield code="a">Diversidad microbiana</subfield>
   </datafield>
   <datafield ind2="0" ind1="0" tag="245">
      <subfield code="a">Preliminary evidence suggests that interrow cover crops may enrich potentially beneficial bacterial groups that confer soil-suppressive capacity against the olive pathogen Verticillium dahliae</subfield>
   </datafield>
</record>
</metadata></record></GetRecord></OAI-PMH>